EFL Championship teams 2021/22 - Statistics

General Stats
  • This quiz has been taken 687 times
    586 since last reset
  • The average score is 17 of 24
Answer Stats
Answer % Correct
Fulham
90%
A.F.C Bournemouth
80%
Birmingham City
79%
Derby County
79%
Sheffield United
78%
Nottingham Forest
77%
Swansea City
75%
Cardiff City
74%
West Bromwich Albion
74%
Luton Town
71%
Blackburn Rovers
70%
Huddersfield Town
69%
Hull City
69%
Queens Park Rangers
69%
Barnsley
67%
Blackpool
67%
Bristol City
66%
Middlesbrough
66%
Coventry City
61%
Millwall
61%
Reading
61%
Stoke City
61%
Preston North End
56%
Peterborough United
46%
No matching quizzes found
Score Distribution
Percent of People with Each Score
Percentile by Number Answered
Your Score History
You have not taken this quiz since the last reset